=LDR 00000nam 2200000 4500 =001 INLIS000000000028768 =005 20130612131042 =008 ***********************************Ind]** =035 ##$$0010-061300000028768 =041 ##$$a Ind] =082 ##$$a 006.31 =090 ##$$a 006.31, Raz b =100 ##$$a Razak, Abdul =245 ##$$a Belajar praktis microsoft excel 2000, Abdul Razak =260 ##$$a 2001 $b Surabaya =300 ##$$a 168 hlm, ilus, 21 cm =650 ##$$a Belajar Kompoter Praktis =850 ##$$a NBPNMAT